000 00866nas a2200277 4500
001 BR9900012
003 BR-BrBNA
005 20231205101147.0
007 ta
008 230509b bl.|||p| |||| 00| 00por d
040 _aBR-BrBNA
_bpor
_cBiblioteca Nacional de Agricultura
041 _a(Pt)
072 _aJ10
100 1 _aReis, A.M.M.
100 1 _aCunha, R. da
245 1 _aEfeito do congelamento sobre a viabilidade de sementes de Anadenanthera peregrina (L.)speg. com diferentes conteudos de umidade
650 _aAngico Vermelho
650 _aSemente
650 _aCongelamento
650 _aArmazenamento
650 _aGerminacao
650 _aSecagem
773 0 _tPesquisa Agropecuaria Brasileira (Brazil)
_xISSN 0100-204X
_g(Oct 1997), v. 32(10) p. 1071-1079
_wBR9900012
909 _a202311
_bLúcia
_c55
_dLúcia Elande
942 _2AGRIS
_n0
_cANA
999 _c160128
_d160128